000 00409nam a2200145Ia 4500
008 230917s9999||||xx |||||||||||||| ||und||
040 _e45826
_aMAIN
041 _aEnglish
082 _a200.1 M45L
100 _aMaxmuller, F
245 0 _aLectures on the origin and growth of religion: illustrated by the religion of India
260 _aVaranasi
_bIndological
_c1964
300 _axvi, 399 p.
942 _cBK
999 _c216671
_d216671